000
00333pab a2200157 454500
008
180718b2001 xxu||||| |||| 00| 0 eng d
100
_a
Sen, Sankar
245
_a
Police in peril
260
_c
2001
300
_a
p.8
362
_a
13 May
650
_a
Police - India
650
_a
Police
773
_a
Statesman
909
_a
49590
999
_c
49590
_d
49590